000 00508nam a2200181Ia 4500
005 20250508151202.0
008 008 250505s9999 xx 000 0 eng d
037 _aTextual
040 _aFEDL
_beng
_cFEDL
041 _aeng
_2eng
084 _a373.42, WRE
_qFEDL
100 _aWrenn H A
_9758627
245 0 _aParents' guide to secondary education
260 _aCambridge
_bCambridge University Press
_c1953
300 _a84p.
942 _cTEXL
_h373.42, WRE
999 _c1328130
_d1328130